000 00991cad a22001935a 4500
001 L157430
008 121129s2012 xxk f 000 0 eng d
035 _a(Sirsi) u157430
041 0 _aeng
110 2 _aUnited Kingdom
_bDepartment for Communities and Local Government
_94939
245 0 0 _aExtending permitted development rights for homeowners and business
_bTechnical consultation
_h[electronic resource]
260 _aLondon
_bDCLG
_c2012
520 _aConsultation seeks views on the Government's proposals to amend the Town and Country Planning (General Permitted Development) Order 1995 (as amended) to grant increased permitted development rights allowing homeowners, and owners of offices and shops to build larger extensions.
590 _aKA
651 4 _aEngland
690 _aPlanning and development
_96259
856 4 0 _uhttps://www.gov.uk/government/uploads/system/uploads/attachment_data/file/11188/permitted.pdf
_zView this item free of charge at www.gov.uk
942 _n0
999 _c114770
_d114770